| 000 | 01051nam a2200265Ia 4500 | ||
|---|---|---|---|
| 003 | OSt | ||
| 005 | 20221005110136.0 | ||
| 006 | a|||||r|||| 00| 0 | ||
| 007 | ta | ||
| 008 | 221004b |||||||| |||| 00| 0 hin d | ||
| 020 |
_a5050021022 (hbk) _c165 |
||
| 024 | _a92747 | ||
| 037 |
_b538, 19/03/2009, Vani Prakashan _cTextual |
||
| 040 |
_aCRL _cCRL _bhin |
||
| 041 |
_2hin _ahin |
||
| 082 | _aO142,3N05x, 152M8 | ||
| 100 | _aशोलोख़ेव, मिख़ाईल | ||
| 245 | 0 |
_aमिख़ाईल शोलोख़ेव _b चुनी हुई रचनाएं |
|
| 246 | _aMiख़āīl sholoख़eva: chunī huī rachanāean | ||
| 260 |
_aनई दिल्ली _bसाहित्य अकादेमी भारत _c1988 |
||
| 300 |
_a567पृ0 _ccm. |
||
| 490 | _aबीसवीं शताब्दी का भारत; 3 | ||
| 942 |
_hO142,3N05x, 152M8 _cTEXL _2cc |
||
| 999 |
_c1017930 _d1017930 |
||